000 00276nam a22001217a 4500
008 181129b xxu||||| |||| 00| 0 eng d
041 _aeng
080 _a043.3
100 _a0
101 _aBTH-MBE
245 _aFazat e Menaxhimit te ri publik
_cKajtazi, B
942 _2udc
_cBK
999 _c52647
_d52647